<?xml version="1.0" encoding="UTF-8"?>
<marc:record xmlns:marc="http://www.loc.gov/MARC21/slim">
   <marc:leader>00000nam a2200000 a 4500</marc:leader>
   <marc:datafield ind1="1" ind2=" " tag="100">
      <marc:subfield code="a">Kastner, Solveig-Marie</marc:subfield>
      <marc:subfield code="4">aut</marc:subfield>
      <marc:subfield code="e">Verfasser/-in</marc:subfield>
   </marc:datafield>
   <marc:datafield ind1="0" ind2="0" tag="245">
      <marc:subfield code="a">Summer Heat</marc:subfield>
   </marc:datafield>
   <marc:datafield ind1="0" ind2="0" tag="245">
      <marc:subfield code="b">Nicht alle werden überleben</marc:subfield>
   </marc:datafield>
   <marc:datafield ind1="0" ind2="0" tag="245">
      <marc:subfield code="c">Kastner, Solveig-Marie</marc:subfield>
   </marc:datafield>
   <marc:datafield ind1=" " ind2="1" tag="264">
      <marc:subfield code="a">Berlin</marc:subfield>
      <marc:subfield code="b">Ullstein Paperback</marc:subfield>
   </marc:datafield>
   <marc:datafield ind1=" " ind2=" " tag="250">
      <marc:subfield code="a">1. Auflage</marc:subfield>
   </marc:datafield>
   <marc:datafield ind1="1" ind2=" " tag="520">
      <marc:subfield code="a">EIN LUXUSRESORT, FLIRRENDE BEGEGNUNGEN UND EIN TÖDLICHES GEHEIMNIS Mia und Yanis, die einander in einer Ferienanlage an der Algarve begegnen, sind sich sicher, dass dort zwischen atemberaubenden Stränden und hoch aufragenden Klippen der Sommer ihres Lebens wartet. Im exklusiven Platô Beach Resort an der Steilküste finden Urlaubsgäste tagsüber Ruhe und Entspannung, während die milden Nächte durchgetanzt werden. Für Mia und Yanis ist das eine ganz neue Welt. Vom ersten Moment an sind beide wie elektrisiert, sie Animateurin, er Barkeeper, und es dauert keine Woche, bis sie sich näherkommen. Dass Mia aus einem bestimmten Grund an die Algarve gekommen ist, ahnt Yanis nicht. Bald macht beiden die düstere Atmosphäre des Resorts zu schaffen und verwandelt ihre anfängliche Zuneigung in tiefes Misstrauen. Irgendetwas stimmt an diesem Ort nicht. Und als eine Leiche in der Bucht angespült wird, müssen die beiden sich fragen, ob der jeweils andere wirklich der Mensch ist, für den er sich ausgegeben hat…&#xD;
&#xD;
Der Sommerthriller für alle Fans von The White Lotus und Leserinnen von Ruth Ware</marc:subfield>
   </marc:datafield>
   <marc:datafield ind1=" " ind2=" " tag="020">
      <marc:subfield code="a">9783864933738</marc:subfield>
      <marc:subfield code="9">9783864933738</marc:subfield>
   </marc:datafield>
   <marc:datafield ind1=" " ind2=" " tag="020">
      <marc:subfield code="a">3864933730</marc:subfield>
      <marc:subfield code="9">3864933730</marc:subfield>
   </marc:datafield>
   <marc:datafield ind1=" " ind2=" " tag="041">
      <marc:subfield code="a">ger</marc:subfield>
   </marc:datafield>
   <marc:datafield ind1=" " ind2=" " tag="338">
      <marc:subfield code="a">Band</marc:subfield>
   </marc:datafield>
   <marc:datafield ind1=" " ind2=" " tag="300">
      <marc:subfield code="a">485 Seiten</marc:subfield>
   </marc:datafield>
</marc:record>
